Statistics for Countries of Africa in Alphabetical Order

Click here to take the quiz!

General Stats

  • This quiz has been taken 29 times
    (23 since last reset)
  • The average score is 43 of 54

Answer Stats

PopulationCountry% Correct
12,123,200BBenin
94%
2,351,627BBotswana
94%
26,545,863CCameroon
94%
555,987CCape Verde
94%
16,425,864CChad
94%
869,601CComoros
94%
3,546,421EEritrea
94%
114,963,588EEthiopia
94%
43,851,044AAlgeria
89%
32,866,272AAngola
89%
20,903,273BBurkina Faso
89%
11,890,784BBurundi
89%
997,940DDjibouti
89%
2,540,905NNamibia
89%
4,829,767CCentral African Republic
83%
91,495,713DD.R. Congo
83%
102,334,404EEgypt
83%
19,129,952MMalawi
83%
20,250,833MMali
83%
4,649,658MMauritania
83%
31,255,435MMozambique
83%
12,952,218RRwanda
83%
1,402,985EEquatorial Guinea
78%
2,225,734GGabon
78%
2,416,668GGambia
78%
31,072,940GGhana
78%
13,132,795GGuinea
78%
1,968,001GGuinea-Bissau
78%
2,142,249LLesotho
78%
5,057,681LLiberia
78%
6,871,292LLibya
78%
27,691,018MMadagascar
78%
1,271,768MMauritius
78%
24,206,644NNiger
78%
206,139,589NNigeria
78%
11,193,725SSouth Sudan
78%
43,849,260SSudan
78%
5,518,087CCongo
72%
1,160,164EEswatini
72%
26,378,274IIvory Coast
72%
53,771,296KKenya
72%
36,910,560MMorocco
72%
219,159SSão Tomé and Príncipe
72%
98,347SSeychelles
72%
15,893,222SSomalia
72%
59,308,690SSouth Africa
72%
8,278,724TTogo
72%
11,818,619TTunisia
72%
45,741,007UUganda
72%
18,383,955ZZambia
72%
14,862,924ZZimbabwe
72%
16,743,927SSenegal
67%
7,976,983SSierra Leone
67%
59,734,218TTanzania
67%

Score Distribution

Percentile by Number Answered

Percent of People with Each Score

Your Score History

You have not taken this quiz since the last reset